000 00750nam a2200277 a 4500
003 AR-BaBNM
005 20251128205049.0
008 082120s2002 ||||||||||||||000 | spa||
020 _a968-16-0213-7
040 _cAR-BaBNM
100 1 _aWright Mills, C.
245 0 0 _aLa élite del poder
260 _aMéxico, D.F.
_bFondo de Cultura Económica
_c1993
300 _a388 p.
490 0 _aSección de obras de sociología
650 4 _aSOCIOLOGIA POLITICA
650 4 _aELITE
650 4 _aPODER POLITICO
650 4 _aSOCIEDAD CONTEMPORANEA
650 4 _aSIGLO VEINTE
651 4 _aEstados Unidos
700 1 _aTorner, Florentino M.
_etraductor
700 1 _aChampourcin, Ernestina de
_etraductor
942 _cBK
998 _cEnrique
999 _c9836
_d9836